| 000 | 02381nam a2200349 i 4500 | ||
|---|---|---|---|
| 001 | ocn1182844529 | ||
| 003 | EG-ScBUE | ||
| 005 | 20260407093708.0 | ||
| 008 | 200810s2021 enka f b 001 0 eng d | ||
| 020 | _z9780367684099 | ||
| 035 | _a(OCoLC)ocn1182844529 | ||
| 040 |
_aYDX _beng _erda _cYDX _dUKMGB _dOCLCO _dOCLCF _dERASA _dIUL _dEG-ScBUE |
||
| 082 | 0 | 4 |
_a307.1216 _222 _bROU |
| 245 | 0 | 4 |
_aThe Routledge handbook of placemaking / _cedited by Cara Courage [and six others] |
| 264 | 1 |
_aAbingdon, Oxon : _bRoutledge, _c2021. |
|
| 300 |
_alix, 545 pages : _billustrations ; _c25 cm. |
||
| 336 |
_atext _2rdacontent _btxt |
||
| 337 |
_aunmediated _2rdamedia _bn |
||
| 338 |
_avolume _2rdacarrier _bnc |
||
| 490 | 0 | _aRoutledge international handbooks | |
| 504 | _aIncludes bibliographical references and index. | ||
| 520 | 8 | _a"This Handbook is the first to explore the emergent field of 'placemaking' in terms of the recent research, teaching and learning, and practice agenda for the next few years. Offering valuable theoretical and practical insights from the leading scholars and practitioners in the field, it provides cutting-edge interdisciplinary research on the placemaking sector. Placemaking has seen a paradigmatic shift in urban design, planning and policy to engage the community voice, and in the arts, an increasing concern for place-based community development and culturally led urban regeneration. This Handbook examines the development of placemaking, its emerging theories, and its future directions. The book is structured in seven distinct sections curated by experts in the areas concerned. This organisation of the book considers the sectors that operate alongside the core placemaking practice. This seminal Handbook offers a timely contribution and international perspectives for the growing field of placemaking. It will be of interest to academics and students of placemaking, urban design, urban planning and policy, architecture, geography, cultural studies, and the arts"--Back cover. | |
| 650 | 7 |
_aCity planning _xCitizen participation. _2BUEsh |
|
| 650 | 7 |
_aPublic spaces _xSocial aspects. _2BUEsh |
|
| 650 | 7 |
_aCommunity development, Urban. _2BUEsh |
|
| 650 | 7 |
_aArts and society. _2BUEsh |
|
| 650 | 7 |
_aSociology, Urban. _2BUEsh |
|
| 653 |
_cApril2026 _bART |
||
| 655 | _vReading book | ||
| 700 | 1 |
_aCourage, Cara, _eeditor. |
|
| 942 |
_2ddc _cBB |
||
| 999 |
_c31177 _d31148 |
||